| 000 | 01224cam a2200169 4500500 | ||
|---|---|---|---|
| 005 | 20251228050257.0 | ||
| 041 | _afre | ||
| 042 | _adc | ||
| 100 | 1 | 0 |
_aSalin, Dominique _eauthor |
| 245 | 0 | 0 | _aJacques RIVIÈRE. — La Théodicée de Fénelon. Ses éléments quiétistes. Suivi de Fénelon 1908. Jacques Rivière philosophe par François Trémolières, Paris, Le Félin, 2015, 480 pages. |
| 260 | _c2017. | ||
| 500 | _a72 | ||
| 520 | _aLe passage du polythéisme au christianisme n’est pas pour Hegel une guerre des dieux mais un passage véritablement dialectique. Le polythéisme n'a en effet rien d’une fantaisie ou d’une esthétique arbitraire. Il est au contraire produit par le monothéisme présent en lui. | ||
| 520 | _aFor Hegel, the transition from polytheism to Christianity is not a war between gods but a genuinely dialectical movement. Indeed, polytheism is neither a whimsical fantasy nor an arbitrary aesthetic. On the contrary, it is produced by the monotheism which is present within. | ||
| 786 | 0 | _nArchives de philosophie | 80 | 2 | 2017-04-14 | p. 393a-397a | 0003-9632 | |
| 856 | 4 | 1 | _uhttps://shs.cairn.info/revue-archives-de-philosophie-2017-2-page-393a?lang=fr&redirect-ssocas=7080 |
| 999 |
_c1580315 _d1580315 |
||